Ada al contrario /

Gespeichert in:
Bibliographische Detailangaben
Weitere Verfasser: Risari, Guia (Drehbuch), Buonanno, Francesca (Illustrationen)
Format: Buch
Sprache:Italienisch
Veröffentlicht: Cagli : Settenove, 2019
Tags: Tag hinzufügen
Keine Tags, Fügen Sie das erste Tag hinzu!

MARC

LEADER 00000nam a22000007i 4500
001 IT\ICCU\RAV\2092918
003 ItRI
005 20260115232207.0
008 190427s2019 it |||||| ||||| |||||c
020 |a 9788898947423 
040 |b ita  |c importazione bologna sebina 
041 7 |a ita  |2 ISO-639-2 
082 |a 853.92  |9 NARRATIVA ITALIANA, 2000-  |2 23 
100 1 |a Risari, Guia  |0 IT\ICCU\MILV\215288  |4 aus 
240 1 0 |a Ada al contrario  |3 IT\ICCU\RAV\2092920  |9 Risari, Guia 
245 1 0 |a Ada al contrario /  |c Guia Risari e Francesca Buonanno. 
260 |a Cagli :  |b Settenove,  |c 2019 
300 |a 1 volume (senza paginazione) :  |b ill. ;  |c 23x23 cm 
700 1 |a Buonanno, Francesca  |0 IT\ICCU\RAVV\692276  |4 ill 
942 |2 ddc  |c BK  |n 0 
952 |0 0  |1 0  |4 0  |6 R_853_920000000000000_RIS  |7 0  |9 21734  |a BO  |b BO  |d 2026-01-15  |i 19274  |l 0  |o R 853.92 RIS  |p BO19274  |r 2026-01-15 23:22:07  |w 2026-01-15  |x [Sebina 5] [1 v.]  |y BK  |z 1 v. 
999 |c 18568  |d 18568